Information service in libraries (Record no. 365702)

000 -LEADER
fixed length control field 00350cam a22001337a 4500
008 - FIXED-LENGTH DATA ELEMENTS--GENERAL INFORMATION
fixed length control field 180718b1958 xxu||||| |||| 00| 0 eng d
082 ## - DEWEY DECIMAL CLASSIFICATION NUMBER
Classification number P955 F789
100 ## - MAIN ENTRY--PERSONAL NAME
Personal name Foskett, D.J.
245 ## - TITLE STATEMENT
Title Information service in libraries
Statement of responsibility, etc. by D.J. Foskett
260 ## - PUBLICATION, DISTRIBUTION, ETC.
Place of publication, distribution, etc. London
Name of publisher, distributor, etc. Lookwood
Date of publication, distribution, etc. 1958
300 ## - PHYSICAL DESCRIPTION
Extent 142p.
500 ## - GENERAL NOTE
General note 13/6
650 ## - SUBJECT ADDED ENTRY--TOPICAL TERM
Topical term or geographic name entry element Information Services
Holdings
Withdrawn status Lost status Damaged status Not for loan Permanent Location Current Location Date acquired Full call number Barcode Date last seen Price effective from Koha item type
        Indian Institute of Public Administration Indian Institute of Public Administration 1994-04-25 P955 F789 15094 2018-07-21 2018-07-21 Book

Powered by Koha